000 00954nam a2200289 4500
001 36509
003 BD-RjUL
005 20211209052510.0
008 140624s1970 nyu b 000 0 eng d
035 _a(BD-RjUL)36609
040 _aDLC
_cDLC
_dDLC
_dBD-RjUL
_beng
041 _aeng
082 0 0 _a320.98
_bPEP 1970
100 1 _aPetras, James F.,
_d1937-
_9111153
245 1 0 _aPolitics and social structure in Latin America /
_cJames F. Petras
260 _aNew York :
_b[Monthly Review Press,
_c1970
300 _a382 p. ;
_c21 cm.
350 _a$9.50
504 _aIncludes bibliographical references.
650 0 _aSocial classes
_zLatin America.
_9111154
651 0 _aLatin America
_xPolitics and government
_y1948-
_922236
651 0 _aUnited States
_xForeign relations
_zLatin America.
_9111155
651 0 _aLatin America
_xForeign relations
_zUnited States.
_9111156
942 _2ddc
_cBK
999 _c36509
_d36509